000 00872nab a2200241u 4500
001 17855
003 HDC
007 c| |||a|c|aaaa
008 210224b20140612my ||||| |||| 00| 0 may d
040 _aHDC
100 _aPettah Wazzan Iskandar, Nurul Fhatihah Zakinan & Ahmad Suhael Adnan /
_eauthor
_917029
245 0 _aPremis proses bihun cap masjid kotor, jijik /
_cPettah Wazzan Iskandar, Nurul Fhatihah Zakinan & Ahmad Suhael Adnan
336 _atext
_2rdacontent
337 _acomputer
_2rdamedia
338 _aonline resource
_2rdacarrier
650 _aJAKIM
_97825
650 _amee hoon
_917008
710 _aBERITA HARIAN
856 _zRequest full-text at [email protected]
942 _2lcc
942 _cNEWS
942 _kNWSC 005036
999 _c15171
_d15171